000 00495nam a2200181Ia 4500
001 8102
005 20260306160544.0
008 260306t2005||||xx |||||||||||||| ||spa||
041 _aESP
082 _a370.1
_bS23
100 _aSánchez Martínez, Eduardo
_eAUT
245 0 _aPara un planeamiento estratégico de la educación :
_belementos conceptuales y metodológicos
260 _c2005
300 _a253 páginas :
_c21 cm.
650 _aGEN
654 _aCED
942 _cLIB
_dJUS
_fJUS
_2ddc
_n
999 _c8102
_d8102